000 00611nam a2200229Ia 4500
003 OSt
005 20220928102504.0
006 a|||||r|||| 00| 0
007 ta
008 220927b |||||||| |||| 00| 0 eng d
024 _a57685
037 _cTextual
040 _aSDCL
_cSDCL
_beng
041 _2eng
_aeng
082 _aY:36.213'N, N4
100 _aSivapriyananda Swami
_9398544
245 0 _aMysore royal dasara
260 _aNew Delhi
_bAbhinav Publications
_c1994
300 _a161p
_ccm.
942 _hY:36.213'N, N4
_cTEXL
_2CC
999 _c714411
_d714411